Регионална библиотека "Любен Каравелов" - Русе

Акации (Запис номер 124661)

MARC детайли
000 -Лидер
Контролно поле с фиксирана дължина 01390nam a2200313 c 4500
003 - Код на организацията, давaща контролен номер
Контролно поле BLK
005 - Дата и час на последна редакция
Контролно поле 20190717144515.0
008 - Елементи от данни с фиксирана дължина
fixed length control field 180409b bul|||||r ||||||| ||bul||
010 ## - Наследен системен номер
LC control number KNG00130328000
040 ## - Източник на каталожния запис
Идентификатор на билиотеката - собственик на записа BLK
041 ## - Код за език
Код за езика на текст/звукозапис или на отделно заглавие Български
Код за езика КДБФ Български
080 ## - УДК
Текстов определител УДК Словашка литература
УДК код - определител по УДК 821.162.4
УДК определител -31
УДК - код + определител 821.162.4-31
100 1# - Редна дума - Автор
Автор Балек, Ладислав
Авторска отговорност първи автор
R(LIN) 36013
139 ## - Редно поле
Редна дума Балек, Ладислав
Авторски знак Балд - Б 21
245 10 - Сведения за заглавието
Заглавие Акации
Подзаглавни данни Роман
Редно поле (дума) Ладислав Балек; прев. от словаш. Мариана Видрарска; прев. от словаш. Стела Атанасова; прев. Соня Каникова.
257 ## - Страна на издаване
Страна на създаване/издаване Чехословакия
260 ## - Област на издателските данни
-- София
Име на издателя, разпространителя и проч. Нар. култура
Година на издаване 1987
Печатница В. Търново : Д. Найденов
300 ## - Физическа характеристика
Страници 744 с.
Илюстрации и др. с портр.
Размери/Мащаб 21 см
380 ## - Жанр
Жанр Худож. лит.
500 ## - Общи забележки
Забележка Ориг. загл. Agaty / Ladislav Ballek. - Без тир.
700 1# - Други автори (авторска отговорност)
Лично име Видрарска, Мариана
Автороска отговорност (Описва отношението между автора и произведението) прев. от словаш.
9 (RLIN) 48010
700 1# - Други автори (авторска отговорност)
Лично име Атанасова, Стела
Автороска отговорност (Описва отношението между автора и произведението) прев. от словаш.
9 (RLIN) 377399
700 1# - Други автори (авторска отговорност)
Лично име Каникова, Соня
Автороска отговорност (Описва отношението между автора и произведението) прев.
9 (RLIN) 76012
852 ## - Местоположение
Форматна сигнатура Цб 148683
856 4# - Електронен адрес и достъп
Електронен формат pdf - файл
Път до файла /url/
856 4# - Електронен адрес и достъп
Електронен формат pdf - файл
Път до файла /url/
942 ## - АРТИКУЛИ
Вид на библиотечния материал Книги
Скрит в OPAC Не
Koha issues (borrowed), all copies 1
944 ## - СЪЗДАВАНЕ И РЕДАКЦИЯ на ЗАПИСА
Създаване/Редакция Създаване
Дата на регистрацията/редакция 05.05.2012
Статус, дата на статуса 05.05.2012 - от С1,Р / 05.05.2012
Служител, извършил регистрацията/редакцията Виолета_Тройчева
944 ## - СЪЗДАВАНЕ И РЕДАКЦИЯ на ЗАПИСА
Създаване/Редакция Редакция
Дата на регистрацията/редакция 05.05.2012
Статус, дата на статуса 05.05.2012 - от С1,Р / 05.05.2012
Служител, извършил регистрацията/редакцията
999 ## - СИСТЕМНИ КОНТРОЛНИ НОМЕРА
Koha biblionumber 124661
Koha biblioitemnumber 124661
Наличности
Код за отписване Код за изгубен артикул Източник на класификационната схема Код за повреда Коз за рестрикции Код за отдаване Артикулен № Име на библиотеката - собственик Име на библиотеката, в която се намира в момента Статус (Текущо местоположение) Дата на вписване в системата Местоположение - отдел Цена в лева Инвентарен номер Систематично азбучна сигнатура Баркод Номер на екземпляра Цена в евро Служебна бележка Служебен тип на артикула
  Не е изгубен Universal Decimal Classification Не е повреден без рестрикции ползва се в читалня 202324 Регионална библиотека "Любен Каравелов" Русе Регионална библиотека "Любен Каравелов" Русе Хранилище 1987-01-01 Хранилище 5.41 479440 Цб 148683 120000479440 1 2.77 Дост: Dp Вид: Д N: стар фонд Дата: 01.01.1987 Книги
Изтеглен Не е изгубен Universal Decimal Classification Не е повреден без рестрикции заемане за дома 202325 Регионална библиотека "Любен Каравелов" Русе Регионална библиотека "Любен Каравелов" Русе Заемна - подръчен фонд 1987-01-01 Заемна - подръчен фонд 5.41 482300 П 885.4-31/Б 21 482300 2 2.77 Дост: Pk Вид: Ф N: стар фонд Дата: 01.01.1987 Дата инв: 08.02.2018 Бележки инв: П2018 Книги
Изтеглен Не е изгубен Universal Decimal Classification Не е повреден без рестрикции заемане за дома 202326 Регионална библиотека "Любен Каравелов" Русе Регионална библиотека "Любен Каравелов" Русе Заемна - подръчен фонд 1987-01-01 Заемна - подръчен фонд 0.00 482304 П 885.4-31/Б 21 482304 3 0.00 Дост: Pk Вид: Ф N: стар фонд Дата: 01.01.1987 Книги
Vip Innovations Ltd, Rousse, Bulgaria 2025